BOYSHIT (Lyrics)- Madison Beer - Statistics

General Stats
  • This quiz has been taken 29 times
    28 since last reset
  • The average score is 262 of 350
Answer Stats
Answer % Correct
I
100%
boy
95%
don't
95%
Don't
95%
no
95%
boyshit
90%
Boyshit
90%
speak
90%
you
90%
You
90%
your
90%
you're
90%
You're
90%
a
85%
in
85%
but
80%
But
80%
I'm
80%
it
80%
So
80%
so
80%
to
80%
To
80%
'cause
75%
'Cause
75%
just
75%
let
75%
like
75%
me
75%
on
75%
shit
75%
can't
70%
down
70%
lettin'
70%
man
70%
One
70%
one
70%
see
70%
the
70%
understand
70%
would
70%
All
65%
and
65%
avoid
65%
fightin'
65%
it's
65%
mind
65%
my
65%
poison
65%
rather
65%
think
65%
when
65%
kissin'
60%
might
60%
not
60%
that
60%
act
55%
always
55%
could
55%
doin'
55%
eye
55%
life
55%
many
55%
now
55%
sound
55%
swear
55%
talk
55%
times
55%
We
55%
Yeah
55%
yeah
55%
yellin'
55%
back
50%
how
50%
if
50%
If
50%
is
50%
never
50%
ruin
50%
seem
50%
too
50%
woman
50%
call
45%
change
45%
love's
45%
pointless
45%
temptin'
45%
thought
45%
tried
45%
up
45%
ya
45%
age
40%
coming
40%
communicate
40%
couldn't
40%
get
40%
have
40%
know
40%
leavin'
40%
movin'
40%
off
40%
or
40%
through
40%
tryna
40%
way
40%
We're
40%
dust
35%
game
35%
start
35%
until
35%
with
35%
words
35%
level
30%
No matching quizzes found
Score Distribution
Percent of People with Each Score
Percentile by Number Answered
Your Score History
You have not taken this quiz since the last reset